Petrophysics : (Record no. 6284)

MARC details
000 -LEADER
fixed length control field 01118nam a22003135i 4500
003 - CONTROL NUMBER IDENTIFIER
control field EG-ScBUE
005 - DATE AND TIME OF LATEST TRANSACTION
control field 20260315091554.0
008 - FIXED-LENGTH DATA ELEMENTS--GENERAL INFORMATION
fixed length control field 110517t2004 maua f b 001 0 eng d
020 ## - INTERNATIONAL STANDARD BOOK NUMBER
International Standard Book Number 0750677112 (alk. paper)
020 ## - INTERNATIONAL STANDARD BOOK NUMBER
International Standard Book Number 9780750677110
040 ## - CATALOGING SOURCE
Original cataloging agency EG-ScBuE
Language of cataloging eng
Description conventions rda
Transcribing agency EG-ScBuE
Modifying agency EG-ScBUE
082 04 - DEWEY DECIMAL CLASSIFICATION NUMBER
Classification number 553.28
Item number TIA
Edition number 22
100 1# - MAIN ENTRY--PERSONAL NAME
Personal name Tiab, Djebbar,
9 (RLIN) 23862
Relator term author.
245 10 - TITLE STATEMENT
Title Petrophysics :
Remainder of title theory and practice of measuring reservoir rock and fluid transport properties /
Statement of responsibility, etc Djebbar Tiab, and Erle C. Donaldson.
250 ## - EDITION STATEMENT
Edition statement Second edition with new and updated materials.
264 #1 - PUBLICATION, DISTRIBUTION, ETC. (IMPRINT)
Place of publication, distribution, etc Burlington, MA :
Name of publisher, distributor, etc Elsevier,
Date of publication, distribution, etc [2004]
264 #4 - PUBLICATION, DISTRIBUTION, ETC. (IMPRINT)
Date of publication, distribution, etc c2004
300 ## - PHYSICAL DESCRIPTION
Extent xxvi, 889 pages :
Other physical details illustrations ;
Dimensions 26 cm
336 ## - CONTENT TYPE
Source rdacontent
Content type term text
Content type code txt
337 ## - MEDIA TYPE
Media type term unmediated
Source rdamedia
Media type code n
338 ## - CARRIER TYPE
Carrier type term volume
Carrier type code nc
Source rdacarrier
504 ## - BIBLIOGRAPHY, ETC. NOTE
Bibliography, etc Includes bibliographical references and index.
650 #7 - SUBJECT ADDED ENTRY--TOPICAL TERM
Topical term or geographic name as entry element Petroleum
General subdivision Geology.
9 (RLIN) 23863
Source of heading or term BUEsh
650 #7 - SUBJECT ADDED ENTRY--TOPICAL TERM
Topical term or geographic name as entry element Petrology.
9 (RLIN) 23864
Source of heading or term BUEsh
653 ## - INDEX TERM--UNCONTROLLED
Resource For college Engineering, Petroleum
Arrived date list August2015
655 ## - INDEX TERM--GENRE/FORM
Form subdivision Reading book
700 1# - ADDED ENTRY--PERSONAL NAME
Personal name Donaldson, Erle C.,
9 (RLIN) 23865
Relator term author.
942 ## - ADDED ENTRY ELEMENTS (KOHA)
Koha item type Book - Borrowing
Source of classification or shelving scheme Dewey Decimal Classification
Holdings
Withdrawn status Lost status Source of classification or shelving scheme Damaged status Not for loan Home library Current library Shelving location Date acquired Source of acquisition Total Checkouts Total Renewals Full call number Barcode Date last seen Date checked out Koha item type Materials specified (bound volume or other part) Collection code Cost, normal purchase price Serial Enumeration / chronology
    Dewey Decimal Classification     Central Library Central Library First floor 19/11/2007 Purchase 18 93 553.28 TIA 000007833 15/07/2025 17/02/2019 Book - Borrowing        
  Lost Dewey Decimal Classification     Central Library Central Library First floor 17/05/2011   2   553.28 TIA 000023583 19/02/2012 16/02/2012 NB - Book (Non borrowing) Lost In Inventory_2005-2015/8/22 Baccah 706.00 12252